1147 1025 1006 1514 1829 1340 1460 1076 1999 1713 1012 1220 1917 1290 1474 1094 1939 1824 1506 1507 1527 1413 1723 1644 1416 1304 1517 1552 1795 1628 1634 1890 1842 1518 1052 1682 1872 1567 1585 1316 1567 1429 1144 1517 1825 1208 1866 1031 1812 1054 1574 1443 1831 1040 1220 1416 1977 1871 1827 1059 1532 1110 1365 1105 1691 1041 1897 1711 1495 1143 1107 1502 1405 1204 1760 1884 1531 1690 1135 1074 1955 1091 1600 1578 1553 1810 1281 1745 1684 1919 1212 1735 1796 1640 1219 1758 1830 1024 1652 BCNSPRNW ULIB Ver.6.0+V

เปลี่ยนเป็นภาษาไทย

Change to English
 แสดงรายละเอียดบรรณานุกรม
  กลับหน้าหลัก

Brief Record : Get Marc (ISO 2709) : E-mail record : QR code < ปิดหน้าต่าง
LEADER : 00000nam 2200000uu 4500
001    13399121292
003     ULIB
008    121114s2550||||th 000 0 tha d
020    ^a9746456393 (ล.1)
050 04 ^aPL4161^bส747ภ ล.1 2550
110 1  ^aมหาวิทยาลัยสุโขทัยธรรมาธิราช
245 10 ^aประมวลสาระชุดวิชา ภาษาไทยเพื่อการสื่อสาร หน่วยที่ 1-7/^cมหาวิทยาลัยสุโขทัยธรรมาธิราช
246 30 ^aภาษาไทยเพื่อการสื่อสาร
250    ^aพิมพ์ครั้งที่ 7
260    ^aนนทบุรี :^bมหาวิทยาลัยสุโขทัยธรรมาธิราช,^c2550
300    ^a2 เล่ม ;^c30 ซม
500    ^aล.1 : หน่วยที่ 1-7 -- ล.2 : หน่วยที่ 8-15
505 2  ^aล.1 : การสื่อสารด้วยภาษา -- ความคิดกับภาษา --หลักการใช้คำเพื่อการสื่อสาร -- การรับสารอย่างมีวิจารณญาณ -- ปัญหาการใช้ภาษา -- การพัฒนาทักษะภาษา -- ล.2 : การอธิบายและการชี้แจง -- การแสดงความคิดเห็น -- การเจรจาต่อรอง --การปลอบใจ -- การโน้มน้าวใจ -- การวางแผนและการนำเสนอ -- การรายงาน -- หนังสือโต้ตอบ
650  7 ^aการสื่อสาร
650  7 ^aการสื่อสารทางภาษา
650  7 ^aการเขียน
700 0  ^aศักดา ปั้นเหน่งเพ็ชร์
710 2  ^aมหาวิทยาลัยสุโขทัยธรรมาธิราช สาขาศิลปศาสตร์
945    ^p0^l0^i14782
945    ^p0^l0^i14783
995    ^aกัณชพร
999 ^a กัณชพร
รายการนี้ยังไม่มีแท็ก
คุณยังไม่ได้ล็อกอิน คุณสามารถมีกิจกรรมร่วมกับเว็บไซต์ได้ แต่ต้องล็อกอินก่อน ::
  ล็อกอิน

รายการสื่อสารสนเทศ

ลำดับที่ ประเภท เลขเรียก/บาร์โค้ด สถานที่ สถานะ
1. วิทยาศาสตร์การแพทย์ และสุขภาพ
วิทยาศาสตร์การแพทย์ และสุขภาพ
PL4161 ส747ภ ล.1 2550  
  Barcode: 14782
ห้องสมุดวิทยาเขตสวรรค์ประชารักษ์
►หนังสือทั่วไป
บนชั้น
2. วิทยาศาสตร์การแพทย์ และสุขภาพ
วิทยาศาสตร์การแพทย์ และสุขภาพ
PL4161 ส747ภ ล.1 2550 ฉ.2 
  Barcode: 14783
ห้องสมุดวิทยาเขตสวรรค์ประชารักษ์
►หนังสือทั่วไป
บนชั้น

รายการใกล้เคียง
    หัวเรื่อง [การสื่อสาร]
    หัวเรื่อง [การสื่อสารทางภาษา]
    หัวเรื่อง [การเขียน]

BibComment


ยังไม่เคยถูกคอมเมนท์

คอมเมนท์ทรัพยากรรายการนี้
  คอมเมนท์: ประมวลสาระชุดวิช..


 Copyright 2026. Bcnsprnw @Library